[Event "Pan American-ch U16 Girls"]
[Site "Guayaquil"]
[Date "2019.07.24"]
[Round "5"]
[White "Rosero Rodriguez, Josselyn"]
[Black "Wang, Isabelle"]
[Result "0-1"]
[WhiteElo "1069"]
[BlackElo "1440"]
[PlyCount "111"]
[EventDate "2019.07.21"]
[EventType "swiss"]
[EventRounds "9"]
[EventCountry "ECU"]
[SourceTitle "EXT 2020"]
[Source "ChessBase"]
[SourceDate "2019.10.17"]
[SourceVersion "1"]
[SourceVersionDate "2019.10.17"]
[SourceQuality "1"]

1. d4 d5 2. Nf3 e6 3. c4 Nf6 4. Nc3 Be7 5. Bg5 0-0 6. e3 h6 7. Bh4 b6 8. Rc1 Bb7 9. Bd3 Nbd7 10. 0-0 c5 11. Re1 Rc8 12. cxd5 exd5 13. Bg3 a6 14. h3 c4 15. Bb1 b5 16. Nh4 b4 17. Ne2 Nh5 18. Nf5 Nxg3 19. Nxe7+ Qxe7 20. Nxg3 Nf6 21. Nf5 Qd6 22. Qf3 Ne4 23. Qg4 Qf6 24. f3 Nd6 25. Ng3 Qg5 26. Qxg5 hxg5 27. Nf5 Nxf5 28. Bxf5 Rb8 29. e4 g6 30. Bg4 Rfe8 31. Kf2 a5 32. Kg3 Kg7 33. h4 gxh4+ 34. Kxh4 Ra8 35. Kg5 a4 36. a3 bxa3 37. bxa3 Reb8 38. Bd7 Rd8 39. Bb5 Ra5 40. Rb1 dxe4 41. fxe4 Ba6 42. Kf4 Rxb5 43. Rxb5 Bxb5 44. d5 c3 45. Rc1 Rc8 46. e5 c2 47. d6 Bd7 48. Ke3 Rc3+ 49. Kd4 Rc8 50. Ke3 Kf8 51. Kd2 Bf5 52. g4 Bxg4 53. Rxc2 Rxc2+ 54. Kxc2 Ke8 55. Kd3 Kd8 56. Ke3 0-1

[Event "Pan American-ch U16 Girls"]
[Site "Guayaquil"]
[Date "2019.07.23"]
[Round "4"]
[White "Quintana Chanduvi, Daniela Sofia"]
[Black "Rosero Rodriguez, Josselyn"]
[Result "1/2-1/2"]
[WhiteElo "1389"]
[BlackElo "1069"]
[PlyCount "92"]
[EventDate "2019.07.21"]
[EventType "swiss"]
[EventRounds "9"]
[EventCountry "ECU"]
[SourceTitle "EXT 2020"]
[Source "ChessBase"]
[SourceDate "2019.10.17"]
[SourceVersion "1"]
[SourceVersionDate "2019.10.17"]
[SourceQuality "1"]

1. e4 e6 2. d4 d5 3. Nd2 c5 4. exd5 exd5 5. dxc5 Bxc5 6. Nb3 Bb6 7. Nf3 Nc6 8. Bd3 Nf6 9. 0-0 0-0 10. h3 h6 11. Bf4 Ne4 12. c3 Qf6 13. Bh2 Ng5 14. Nbd4 Nxd4 15. Nxd4 Ne6 16. Nf3 Nf4 17. Bc2 Be6 18. Nd4 Bd7 19. Qd2 Nxh3+ 20. gxh3 Bxh3 21. Rfd1 Rfe8 22. Qd3 Qg5+ 23. Bg3 g6 24. Re1 h5 25. Qf3 Bc7 26. Kh2 Bg4 27. Qg2 Bb6 28. f3 Bd7 29. Rxe8+ Rxe8 30. Re1 Rxe1 31. Bxe1 Bc7+ 32. Kh1 Qc1 33. Qg1 Be5 34. Bxg6 fxg6 35. Qxg6+ Bg7 36. Qg3 Kh7 37. Qh4 Qh6 38. Qe7 Qc1 39. Qh4 Qh6 40. Qe7 Qc1 41. Qh4 Qh6 42. Qd8 Qc1 43. Qe7 Bc8 44. Qh4 Qh6 45. Qe7 Qc1 46. Qh4 Qh6 1/2-1/2

[Event "ECU-ch U16 Girls"]
[Site "Guayaquil"]
[Date "2019.04.20"]
[Round "7"]
[White "Rosero Rodriguez, Josselyn"]
[Black "Orbe Vivero, Veronica Priscila"]
[Result "0-1"]
[WhiteElo "1115"]
[BlackElo "1187"]
[PlyCount "88"]
[EventDate "2019.04.17"]
[EventType "swiss"]
[EventRounds "9"]
[EventCountry "ECU"]
[SourceTitle "CBM 190 Extra"]
[Source "ChessBase"]
[SourceDate "2019.07.15"]
[SourceVersion "1"]
[SourceVersionDate "2019.07.15"]
[SourceQuality "1"]

1. d4 Nf6 2. Nf3 g6 3. c4 Bg7 4. Nc3 d6 5. Bg5 h6 6. Bh4 0-0 7. e3 Nc6 8. Be2 Bg4 9. h3 Bxf3 10. Bxf3 Qd7 11. Rc1 e5 12. dxe5 Nxe5 13. Be2 a6 14. 0-0 g5 15. Bg3 Ng6 16. f4 Rfe8 17. fxg5 hxg5 18. Bf2 c6 19. Bd3 Ne5 20. e4 b5 21. cxb5 axb5 22. a3 Qe6 23. Bg3 Rad8 24. h4 Nxd3 25. Qxd3 g4 26. b4 Nh5 27. Be1 Nf6 28. Ne2 Qxe4 29. Qxe4 Rxe4 30. Ng3 Rc4 31. Rxc4 bxc4 32. Nf5 Ne4 33. Nxg7 Kxg7 34. Rf4 d5 35. Rxg4+ Kf6 36. h5 c3 37. Rf4+ Kg5 38. Rxf7 c2 39. Rf1 Kxh5 40. Bh4 Kxh4 41. Rc1 Ra8 42. Rxc2 Rxa3 43. Rxc6 Rb3 44. Rd6 Nxd6 0-1